Statistiques concernant Pays commençant par la lettre S

Cliquez ici pour prendre le quiz!

Statistiques générales

  • Ce quiz a été pris 40 096 fois
    (20 303 depuis la dernière actualisation)
  • Le résultat moyen est 16 sur 23

Statistiques - réponses

Pays% Correct
Suède
97%
Suisse
85%
Slovénie
84%
Slovaquie
84%
Soudan
83%
Somalie
78%
Suriname
78%
Syrie
75%
Serbie
74%
Saint-Marin
71%
Soudan du Sud
70%
Sri Lanka
67%
Salvador
66%
Sénégal
63%
Sainte-Lucie
61%
Seychelles
60%
Singapour
59%
Samoa
58%
Saint-Vincent-et-les-Grenadines
58%
Saint-Christophe-et-Niévès
56%
Sierra Leone
55%
Sao Tomé-et-Principe
54%
Salomon
50%

Distribution des résultats

Percentile par nombre de réponses

% des personnes avec chaque résultat

Votre développement - résultats

Vous n’avez pas pris ce quiz depuis la dernière actualisation